Statistics for O

Click here to take the quiz!

General Stats

  • This quiz has been taken 8 times
  • The average score is 4 of 15

Answer Stats

QuestionAnswer% Correct
OO
50%
OO
33%
OO
33%
OO
33%
OO
33%
OO
33%
OO
33%
OO
17%
OO
17%
OO
17%
OO
17%
OO
17%
OO
17%
OO
17%
OO
0%

Score Distribution

Percentile by Number Answered

Percent of People with Each Score

Your Score History

You have not taken this quiz